A TEXT BOOK OF OPTICS (Record no. 30582)

000 -LEADER
fixed length control field 00313nam a2200133Ia 4500
008 - FIXED-LENGTH DATA ELEMENTS--GENERAL INFORMATION
fixed length control field 200615s9999||||xx |||||||||||||| ||und||
020 ## - INTERNATIONAL STANDARD BOOK NUMBER
International Standard Book Number 9788121926119
082 ## - DEWEY DECIMAL CLASSIFICATION NUMBER
Classification number 530
Item number ATE-S
100 ## - MAIN ENTRY--PERSONAL NAME
Personal name SUBRAMANYAM,N
245 #2 - TITLE STATEMENT
Title A TEXT BOOK OF OPTICS
250 ## - EDITION STATEMENT
Edition statement 1ST
260 ## - PUBLICATION, DISTRIBUTION, ETC.
Place of publication, distribution, etc. NEW DELHI
Name of publisher, distributor, etc. S.CHAND
Date of publication, distribution, etc. 2017
942 ## - ADDED ENTRY ELEMENTS (KOHA)
Koha item type Book
Holdings
Withdrawn status Lost status Damaged status Not for loan Collection code Permanent Location Current Location Date acquired Cost, normal purchase price Total Checkouts Barcode Date last seen Date last checked out Price effective from Koha item type
        School of Science Central Library, MUIT, Lucknow Central Library, MUIT, Lucknow 2020-06-15 545.00 1 SOS2295 2025-01-04 2024-12-30 2020-06-15 Book

All Rights Reserved@MUIT

Powered by Koha